The Impact of Corporate Social Responsibility on the Environmental Performance of Large Organizations in Serbia

Moderné obchodné operácie, ktoré viedli k výraznému rastu veľkých spoločností, či už pôsobiacich v rámci svojich národných hraníc, ako aj nadnárodných, prispeli k zvýšenému využívaniu prírodných zdrojov, znečisťovaniu životného prostredia, emisiám škodlivých plynov, nedostatku pitnej vody, odlesňova...

Descrizione completa

Salvato in:
Dettagli Bibliografici
Autore principale: Aleksić, Marko
Altri autori: Berber, Nemanja, Strugar Jelača, Maja, Bjekić, Radmila
Natura: Capitolo di libro
Lingua:inglese
Soggetti:
Tags: Aggiungi Tag
Nessun Tag, puoi essere il primo ad aggiungerne!!

MARC

LEADER 00000naa a2200000 4500
001 0308146
005 20250414124657.7
041 0 |a eng 
044 |a RS 
245 1 0 |a The Impact of Corporate Social Responsibility on the Environmental Performance of Large Organizations in Serbia  |c Marko Aleksić, Nemanja Berber, Maja Strugar Jelača, Radmila Bjekić 
520 |a Moderné obchodné operácie, ktoré viedli k výraznému rastu veľkých spoločností, či už pôsobiacich v rámci svojich národných hraníc, ako aj nadnárodných, prispeli k zvýšenému využívaniu prírodných zdrojov, znečisťovaniu životného prostredia, emisiám škodlivých plynov, nedostatku pitnej vody, odlesňovaniu a mnohým ďalším negatívnym dôsledkom pre celé životné prostredie. To malo za následok vznik konceptu CSR, najprv vo veľkých nadnárodných spoločnostiach, ktoré mali dostatok finančných prostriedkov na riešenie tohto problému a vo väčšine prípadov prispeli k znečisťovaniu životného prostredia. Skúmanie, či existuje vzťah medzi konceptom spoločenskej zodpovednosti podnikov (CSR) a environmentálnou výkonnosťou v Srbsku. Výskum prebiehal od novembra 2019 do augusta 2021 vo veľkých organizáciách na vzorke 165 spoločností. 
610 2 0 |a zodpovednosť podniku spoločenská 
610 2 0 |a environmentalistika 
610 2 0 |a ochrana prostredia životného 
610 2 0 |a organizácie 
610 2 0 |a Srbsko 
100 1 |a Aleksić, Marko 
700 1 |a Berber, Nemanja 
700 1 |a Strugar Jelača, Maja 
700 1 |a Bjekić, Radmila